000 00661nam a2200241Ia 4500
003 OSt
005 20220918231207.0
006 a|||||r|||| 00| 0
007 ta
008 220917b |||||||| |||| 00| 0 eng d
020 _c200
024 _a267,488
037 _bM/2009/130, 07/01/2010, Mukta Dhara
_cTextual
040 _aARTS
_cARTS
_beng
041 _2eng
_aeng
082 _aO157,1N:g, P7
100 _aHaq Mahabubul
_9154016
245 0 _aTinjon adhunik kobi
260 _c2007
650 _aBENGALI LITERATURE
942 _hO157,1N:g, P7
_cTEXL
_2CC
999 _c290150
_d290150